Top 100 Songs of All Time - Statistics

General Stats
  • This quiz has been taken 144 times
    120 since last reset
  • The average score is 27 of 100
Answer Stats
Song Artist % Correct
29 Billie Jean Michael Jackson
90%
16 Rocket Man Elton John
85%
14 Purple Rain Prince
83%
23 Hey Ya! Outkast
75%
1 Ms Jackson OutKast
72%
32 Stairway to Heaven Led Zeppelin
70%
26 Strawberry Fields Forever The Beatles
70%
70 Gangsta's Paradise Coolio / LV
61%
20 Stan Eminem
61%
8 Starman David Bowie
60%
54 Master of Puppets Metallica
60%
2 Heroes David Bowie
58%
84 Feel Good inc Gorillaz
56%
79 Everybody Wants to Rule the World Tears for Fears
55%
80 Somebody That I Used to Know Gotye
54%
40 Back to Black Amy Winehouse
53%
95 My Way Frank Sinatra
53%
92 Like A Rolling Stone Bob Dylan
51%
56 Superstition Stevie Wonder
51%
64 Everlong Foo Fighters
50%
53 Free Bird Lynyrd Skynyrd
50%
57 Wish You Were Here Pink Floyd
50%
83 Smooth Operator Sade
49%
78 Mr Blue Sky Electric Light Orchestra
48%
18 All Along the Watchtower (Cover) Jimi Hendrix
48%
94 Heart Shaped Box Nirvana
48%
58 Black Hole Sun Soundgarden
47%
25 Chop Suey! System of a Down
45%
42 My Sweet Lord George Harrison
42%
46 What's Going On Marvin Gaye
41%
15 1979 The Smashing Pumpkins
41%
52 Isn't She Lovely Stevie Wonder
40%
71 Voodoo Child Jimi Hendrix
37%
45 It Was A Good Day Ice Cube
35%
12 Shine On You Crazy Diamond Pts 1-5 Pink Floyd
35%
89 Harder, Better, Faster, Stronger Daft Punk
34%
100 Once in A Lifetime Talking Heads
33%
87 Doo Wop (That Thing) Lauryn Hill
32%
59 Toxicity System of a Down
32%
48 Sir Duke Stevie Wonder
30%
41 Just Like Heaven The Cure
27%
34 NY State of Mind Nas
26%
39 CREAM Wu-Tang Clan
26%
24 Echoes Pink Floyd
24%
5 Lover You Should've Come Over Jeff Buckley
22%
22 Wesley's Theory Kendrick Lamar
22%
93 21st Century Schizoid Man King Crimson
21%
9 Rapp Snitch Knishes MF DOOM
21%
31 Bulls on Parade Rage Against the Machine
21%
38 Hurricane Bob Dylan
20%
50 How to Disappear Completely Radiohead
20%
6 Sing About Me, I'm Dying of Thirst Kendrick Lamar
19%
55 Weird Fishes / Arpeggi Radiohead
19%
73 90210 Travis Scott
19%
13 All Caps MF DOOM
17%
82 20 Min Lil Uzi Vert
15%
21 Lazarus David Bowie
14%
4 Shook Ones Mobb Deep
14%
90 Grace Jeff Buckley
13%
49 Ms Fat Booty Mos Def
13%
96 The World is Yours Nas
13%
85 Dreams and Nightmares Meek Mill
12%
27 Glory Box Portishead
11%
99 Marquee Moon Television
11%
65 Nutshell Alice in Chains
10%
10 Is It a Crime Sade
10%
61 Joga Bjork
8%
37 Sinnerman Nina Simone
8%
81 The Glow pt.2 The Microphones
8%
62 Survival Tactics Joey Badass
7%
68 Hazard Duty Pay! JPEGMAFIA
7%
30 Starless King Crimson
7%
75 Nosetalgia Pusha T
7%
33 Untitled (How Does it Feel) D'Angelo
6%
3 Ain't it Funny Danny Brown
6%
51 Dance With the Devil Immortal Technique
6%
77 Walk On By Isaac Hayes
6%
43 Life of the Party Kanye West
6%
36 Good News Mac Miller
6%
69 Vaudeville Villain MF DOOM
6%
91 When the Sun Hits Slowdive
6%
35 Runnin' The Pharcyde
6%
98 Empire Ants Gorillaz
5%
76 Don't Cry J Dilla
5%
28 93 til' Infinity Souls of Mischief
5%
60 The Place Where He Inserted the Blade Black Country New Road
4%
7 Sleep Godspeed You Black Emperor
4%
17 Mural Lupe Fiasco
4%
97 Things Fall Apart The Roots
4%
86 PROM / KING Saba
3%
66 Race for the Prize The Flaming Lips
3%
44 Free the Robots Capital STEEZ
2%
19 Earthmover Have A Nice Life
2%
74 Introvert Little Simz
2%
88 Angel Massive Attack
2%
67 I Appear Missing Queens of the Stone Age
2%
47 Chicago Sufjan Stevens
2%
11 The Glowing Man Swans
2%
63 The Moon The Microphones
2%
72 Bloodhail Have a Nice Life
1%
No matching quizzes found
Score Distribution
Percent of People with Each Score
Percentile by Number Answered
Your Score History
You have not taken this quiz since the last reset